000
00339nam a2200145Ia 4500
008
090124s9999 xx 000 0 und d
082
_b
204988
245
_a
भालू
250
_a
1
260
_b
फॉकनर विल्यम
_c
2000
300
_a
103
630
_a
भालू
730
_a
भालू
942
_c
BOOK
999
_c
186569
_d
186569